VÝSTAVA "VÝVOJ POŽIARNEJ OCHRANY A POŽIARNEJ TECHNIKY V ČSSR" V BRNE

Bibliographic Details
Main Author: Beňovský, Boris, 1942- (Author)
Format: Article
Language:Slovak
Subjects:

MARC

LEADER 00000nab a2200000Ia 4500
001 vtls010797066
003 SK-MaSNL
005 20260311225120.0
008 230131|1973 xo |||||||||||||||||slo|
035 |a (urnnbn)urn:nbn:sk:snk:ar-a02s4z 
035 |a (uuid)8968e4b0-4c35-4b03-a62e-2bcbb224c0c9 
035 |a urn:nbn:sk:snk-ab4nd8 
040 |a SNKBUCL  |b slo  |c SNKBUCL  |e AACR2 
041 0 |a slo 
044 |a xo  |c SK 
080 |a 614.84  |2 2001 
080 |a 614.843/.847  |2 2001 
080 |a (437.322)  |2 2001 
080 |a 069  |2 2001 
100 1 |a Beňovský, Boris,  |d 1942-  |4 aut  |9 7904 
245 1 0 |a VÝSTAVA "VÝVOJ POŽIARNEJ OCHRANY A POŽIARNEJ TECHNIKY V ČSSR" V BRNE  |c Boris Beňovský 
650 0 7 |a požiarna ochrana  |2 SNKPH  |9 1501 
650 0 7 |a požiarna technika  |2 SNKPH  |9 69222 
650 0 7 |a múzeá  |2 SNKPH  |9 4119 
651 7 |a Československo  |2 SNKPH  |9 21376 
651 7 |a Brno (Česko)  |2 SNKPH  |9 29499 
773 0 |t Múzeum : študijný a informačný materiál  |g Roč. 18, č. 4 (1973), s. 257-260 
954 |a odborná, vedecká literatúra pôvodná (slovenská)  |2 lita 
958 |a OND 
958 |a EUIPO 
958 |a article3 
999 |c 3265021  |d 3266951